Reinforced concrete (Record no. 39592)

000 -LEADER
fixed length control field 00495nam a2200193 4500
001 - CONTROL NUMBER
control field 39592
003 - CONTROL NUMBER IDENTIFIER
control field BD-DhUET
008 - FIXED-LENGTH DATA ELEMENTS--GENERAL INFORMATION
fixed length control field 161031b xxu||||| |||| 00| 0 eng d
040 ## - CATALOGING SOURCE
Transcribing agency 0
Modifying agency BD-DhUET
082 ## - DEWEY DECIMAL CLASSIFICATION NUMBER
Classification number 624.183
Item number WIG/2016
100 ## - MAIN ENTRY--PERSONAL NAME
Personal name Wight , James K.
245 ## - TITLE STATEMENT
Title Reinforced concrete
Remainder of title mechanics and design
250 ## - EDITION STATEMENT
Edition statement 7th ed.
260 ## - PUBLICATION, DISTRIBUTION, ETC. (IMPRINT)
Place of publication, distribution, etc. New York
Name of publisher, distributor, etc. Pearson education
Date of publication, distribution, etc. 2016
300 ## - PHYSICAL DESCRIPTION
Extent 1164 p.
504 ## - BIBLIOGRAPHY, ETC. NOTE
Bibliography, etc Includes bibliographies
650 #0 - SUBJECT ADDED ENTRY--TOPICAL TERM
Topical term or geographic name as entry element Reinforced concrete
942 ## - ADDED ENTRY ELEMENTS (KOHA)
Koha item type General Book
Holdings
Withdrawn status Koha date last seen Piece designation (barcode) Not for loan Koha item type Koha out on loan Sublocation or collection (holding branch) Koha date last borrowed Koha normalized classification for sorting Koha full call number Price effective from Shelving location Date acquired Lost status Copy number Location (home branch) Koha issues (times borrowed) Damaged status Source of classification or shelving scheme
 2021-01-27114878 General Book2022-01-27Central Library, BUET2021-01-27624_183000000000000_WIG_2016624.183/WIG/20162016-10-31Circulation section2016-10-31 1Central Library, BUET3  
 2023-05-07114879 General Book Central Library, BUET2023-04-12624_183000000000000_WIG_2016624.183/WIG/20162016-10-31Circulation section2016-10-31 2Central Library, BUET6